[Event "Danish Senior CHP for 50+ and 65+"]
[Site "Nyhavnsgade 14, 2. sal. 9000 Aalborg"]
[Date "2022.02.24"]
[Round "5.1"]
[White "Danielsen, Henrik"]
[Black "Pors, Kim"]
[Result "1-0"]
[BlackElo "1459"]
[WhiteElo "2525"]
[LiveChessVersion "1.4.8"]

1. d4 {[%clk 1:29:49]} Nf6 {[%clk 1:30:11]} 2. c4 {[%clk 1:29:28]} d5
{[%clk 1:29:36]} 3. cxd5 {[%clk 1:28:49]} Nxd5 {[%clk 1:28:15]} 4. e4
{[%clk 1:27:47]} Nf6 {[%clk 1:26:25]} 5. Nc3 {[%clk 1:27:46]} e6 {[%clk 1:25:12]}
6. Be3 {[%clk 1:27:23]} a6 {[%clk 1:20:17]} 7. Nf3 {[%clk 1:26:48]} c6
{[%clk 1:19:55]} 8. Bd3 {[%clk 1:27:06]} Nbd7 {[%clk 1:17:15]} 9. O-O
{[%clk 1:27:25]} Be7 {[%clk 1:15:53]} 10. Qc2 {[%clk 1:27:45]} h6
{[%clk 1:15:47]} 11. Rad1 {[%clk 1:25:57]} Qc7 {[%clk 1:13:48]} 12. Rfe1
{[%clk 1:25:53]} b5 {[%clk 1:09:40]} 13. e5 {[%clk 1:23:43]} Nd5 {[%clk 1:08:47]}
14. Nxd5 {[%clk 1:24:09]} exd5 {[%clk 1:08:39]} 15. Rc1 {[%clk 1:24:20]} Bb7
{[%clk 1:04:55]} 16. e6 {[%clk 1:24:31]} fxe6 {[%clk 1:02:02]} 17. Bg6+
{[%clk 1:24:59]} Kd8 {[%clk 1:01:18]} 18. Bd2 {[%clk 1:25:01]} Bg5
{[%clk 0:52:15]} 19. Nxg5 {[%clk 1:23:16]} hxg5 {[%clk 0:49:39]} 20. Bxg5+
{[%clk 1:23:17]} Nf6 {[%clk 0:45:50]} 21. g3 {[%clk 1:22:31]} Qd7
{[%clk 0:38:42]} 22. Qc5 {[%clk 1:21:01]} Qe7 {[%clk 0:27:06]} 23. Qb6+
{[%clk 1:21:04]} Qc7 {[%clk 0:27:07]} 24. Qxc7+ {[%clk 1:21:20]} Kxc7
{[%clk 0:27:21]} 25. Rxe6 {[%clk 1:21:48]} Rhf8 {[%clk 0:21:01]} 26. Re7+
{[%clk 1:21:32]} Kb6 {[%clk 0:21:23]} 27. Rxg7 {[%clk 1:21:32]} Ne4
{[%clk 0:21:24]} 28. Be7 {[%clk 1:21:28]} Rfb8 {[%clk 0:18:21]} 29. f3
{[%clk 1:20:55]} Nd2 {[%clk 0:17:07]} 30. Bc5+ {[%clk 1:21:07]} Ka5
{[%clk 0:17:13]} 31. b4+ {[%clk 1:21:22]} Ka4 {[%clk 0:17:18]} 32. Rc3
{[%clk 1:21:50]} 1-0

[Event "Danish Senior CHP for 50+ and 65+"]
[Site "Nyhavnsgade 14, 2. sal. 9000 Aalborg"]
[Date "2022.02.24"]
[Round "5.2"]
[White "Pilgaard, Erik"]
[Black "Stojanovski, Sandi"]
[Result "0-1"]
[BlackElo "2195"]
[WhiteElo "1383"]
[LiveChessVersion "1.4.8"]

1. e4 {[%clk 1:30:59]} c5 {[%clk 1:30:52]} 2. Nf3 {[%clk 1:31:09]} Nc6
{[%clk 1:31:14]} 3. d4 {[%clk 1:31:17]} cxd4 {[%clk 1:31:38]} 4. Nxd4
{[%clk 1:31:04]} Nf6 {[%clk 1:32:00]} 5. Nc3 {[%clk 1:30:31]} e5 {[%clk 1:32:23]}
6. Nxc6 {[%clk 1:29:38]} bxc6 {[%clk 1:32:44]} 7. Be2 {[%clk 1:28:44]} Bb4
{[%clk 1:29:50]} 8. Bf3 {[%clk 1:27:31]} Ba6 {[%clk 1:29:05]} 9. Bd2
{[%clk 1:26:51]} O-O {[%clk 1:24:23]} 10. Be2 {[%clk 1:26:57]} Bxe2
{[%clk 1:11:31]} 11. Qxe2 {[%clk 1:24:35]} d5 {[%clk 1:11:17]} 12. O-O
{[%clk 1:23:08]} Bxc3 {[%clk 1:11:07]} 13. Bxc3 {[%clk 1:21:19]} Nxe4
{[%clk 1:11:27]} 14. Bxe5 {[%clk 1:20:44]} Re8 {[%clk 1:11:49]} 15. Bd4
{[%clk 1:16:08]} c5 {[%clk 1:10:23]} 16. Be3 {[%clk 1:13:40]} d4 {[%clk 1:10:35]}
17. Rfd1 {[%clk 1:12:21]} Qb6 {[%clk 1:10:20]} 18. f3 {[%clk 1:10:45]} Nf6
{[%clk 1:10:19]} 19. Rd3 {[%clk 1:08:56]} Nd5 {[%clk 1:09:57]} 20. Rb3
{[%clk 1:08:38]} Qg6 {[%clk 1:10:14]} 21. Re1 {[%clk 1:05:46]} Rxe3
{[%clk 1:10:27]} 22. Rxe3 {[%clk 1:05:58]} Nxe3 {[%clk 1:10:49]} 23. c3
{[%clk 1:05:43]} h6 {[%clk 1:10:41]} 24. b4 {[%clk 1:05:52]} Nc2 {[%clk 1:09:45]}
25. Rc1 {[%clk 1:05:20]} d3 {[%clk 1:10:02]} 0-1

[Event "Danish Senior CHP for 50+ and 65+"]
[Site "Nyhavnsgade 14, 2. sal. 9000 Aalborg"]
[Date "2022.02.24"]
[Round "5.3"]
[White "Thomsen, Per"]
[Black "Thomsen, Søren"]
[Result "0-1"]
[BlackElo "1833"]
[WhiteElo "1509"]
[LiveChessVersion "1.4.8"]

1. f4 {[%clk 1:30:54]} Nf6 {[%clk 1:30:35]} 2. Nf3 {[%clk 1:31:04]} g6
{[%clk 1:30:23]} 3. c4 {[%clk 1:30:53]} Bg7 {[%clk 1:29:47]} 4. e3
{[%clk 1:30:47]} d6 {[%clk 1:28:51]} 5. Be2 {[%clk 1:30:45]} O-O {[%clk 1:27:51]}
6. O-O {[%clk 1:31:02]} c5 {[%clk 1:26:25]} 7. Nc3 {[%clk 1:29:51]} Nc6
{[%clk 1:24:35]} 8. d3 {[%clk 1:25:11]} a6 {[%clk 1:23:10]} 9. Ng5
{[%clk 1:19:34]} Rb8 {[%clk 1:17:59]} 10. Bf3 {[%clk 1:16:38]} e6
{[%clk 1:16:04]} 11. Rb1 {[%clk 1:12:10]} d5 {[%clk 1:13:36]} 12. cxd5
{[%clk 1:05:11]} exd5 {[%clk 1:13:13]} 13. g4 {[%clk 0:57:58]} h6
{[%clk 1:08:49]} 14. Nh3 {[%clk 0:57:37]} d4 {[%clk 1:07:52]} 15. Ne4
{[%clk 0:54:49]} Nxe4 {[%clk 1:04:32]} 16. Bxe4 {[%clk 0:51:11]} dxe3
{[%clk 1:04:11]} 17. Bxe3 {[%clk 0:50:36]} Nd4 {[%clk 1:04:18]} 18. Bxd4
{[%clk 0:44:09]} Qxd4+ {[%clk 1:02:44]} 19. Kg2 {[%clk 0:39:51]} f5
{[%clk 0:59:52]} 20. gxf5 {[%clk 0:37:51]} Bxf5 {[%clk 0:57:44]} 21. Nf2
{[%clk 0:35:28]} b5 {[%clk 0:55:53]} 22. b3 {[%clk 0:33:37]} Qd6 {[%clk 0:54:20]}
23. Bxf5 {[%clk 0:30:08]} gxf5 {[%clk 0:53:14]} 24. Qf3 {[%clk 0:28:23]} Rbd8
{[%clk 0:51:12]} 25. Rbd1 {[%clk 0:26:32]} Rf6 {[%clk 0:50:07]} 26. Rfe1
{[%clk 0:25:59]} Rg6+ {[%clk 0:49:32]} 27. Kh1 {[%clk 0:25:12]} Qd5
{[%clk 0:48:09]} 28. Qxd5+ {[%clk 0:23:52]} Rxd5 {[%clk 0:48:29]} 29. Re8+
{[%clk 0:23:29]} Kh7 {[%clk 0:47:28]} 30. Rde1 {[%clk 0:22:13]} Rd4
{[%clk 0:47:19]} 31. R8e6 {[%clk 0:18:57]} Rxf4 {[%clk 0:46:42]} 32. Rxg6
{[%clk 0:18:40]} Kxg6 {[%clk 0:47:02]} 33. Kg2 {[%clk 0:18:34]} Kf7
{[%clk 0:45:47]} 34. Nh3 {[%clk 0:17:52]} Rd4 {[%clk 0:44:44]} 35. Nf2
{[%clk 0:17:45]} Bf6 {[%clk 0:43:50]} 36. Re3 {[%clk 0:17:36]} a5
{[%clk 0:43:18]} 37. Nd1 {[%clk 0:14:46]} c4 {[%clk 0:42:33]} 38. bxc4
{[%clk 0:12:42]} bxc4 {[%clk 0:42:03]} 39. Nf2 {[%clk 0:12:52]} c3
{[%clk 0:42:15]} 40. Re2 {[%clk 0:13:05]} Rb4 {[%clk 0:42:37]} 41. Nd1
{[%clk 0:12:12]} Rb1 {[%clk 0:42:43]} 0-1

[Event "Danish Senior CHP for 50+ and 65+"]
[Site "Nyhavnsgade 14, 2. sal. 9000 Aalborg"]
[Date "2022.02.24"]
[Round "5.4"]
[White "Grue, Vibeke"]
[Black "Lilja, Richard"]
[Result "0-1"]
[BlackElo "2112"]
[WhiteElo "1213"]
[LiveChessVersion "1.4.8"]

1. e4 e5 2. Nf3 Nc6 3. Bc4 {[%clk 1:29:12]} Bc5 {[%clk 1:26:13]} 4. a3
{[%clk 1:26:16]} d6 {[%clk 1:24:14]} 5. b4 {[%clk 1:26:19]} Bb6 {[%clk 1:24:24]}
6. Bd5 {[%clk 1:25:49]} Nf6 {[%clk 1:22:21]} 7. Nc3 {[%clk 1:25:41]} Bg4
{[%clk 1:21:31]} 8. Bxc6+ {[%clk 1:24:47]} bxc6 {[%clk 1:21:55]} 9. d3
{[%clk 1:21:16]} Bd4 {[%clk 1:19:11]} 10. Bd2 {[%clk 1:20:22]} O-O
{[%clk 1:17:28]} 11. O-O {[%clk 1:20:46]} d5 {[%clk 1:13:46]} 12. Re1
{[%clk 1:20:38]} Re8 {[%clk 1:09:41]} 13. Rb1 {[%clk 1:20:19]} a6
{[%clk 1:06:21]} 14. h3 {[%clk 1:20:01]} Bh5 {[%clk 1:05:21]} 15. Ne2
{[%clk 1:18:40]} dxe4 {[%clk 1:02:48]} 16. Ng5 {[%clk 0:59:49]} exd3
{[%clk 1:01:31]} 17. cxd3 {[%clk 0:58:32]} h6 {[%clk 1:01:22]} 18. Nf3
{[%clk 0:56:43]} Bxf3 {[%clk 0:57:13]} 19. gxf3 {[%clk 0:56:16]} Bb6
{[%clk 0:56:27]} 20. Qc2 {[%clk 0:54:25]} Qd7 {[%clk 0:53:24]} 21. Kg2
{[%clk 0:52:58]} Rad8 {[%clk 0:53:22]} 22. Rb3 {[%clk 0:47:36]} Nd5
{[%clk 0:47:05]} 23. Ng3 {[%clk 0:39:43]} Nf4+ {[%clk 0:40:58]} 24. Bxf4
{[%clk 0:38:15]} exf4 {[%clk 0:41:22]} 25. Ne2 {[%clk 0:35:11]} Re5
{[%clk 0:38:41]} 26. d4 {[%clk 0:32:08]} Rg5+ {[%clk 0:37:42]} 27. Kh2
{[%clk 0:31:32]} Re8 {[%clk 0:37:34]} 28. Rg1 {[%clk 0:30:22]} Rxg1
{[%clk 0:35:15]} 29. Nxg1 {[%clk 0:30:19]} Qxd4 {[%clk 0:35:12]} 30. Kg2
{[%clk 0:27:52]} Qf6 {[%clk 0:31:33]} 31. Kf1 {[%clk 0:27:38]} Qa1+
{[%clk 0:26:56]} 32. Kg2 {[%clk 0:27:42]} Re1 {[%clk 0:25:17]} 33. Ne2
{[%clk 0:27:25]} Rh1 {[%clk 0:25:14]} 34. Rb1 {[%clk 0:24:39]} Rxb1
{[%clk 0:25:30]} 35. Qxb1 {[%clk 0:24:15]} Qxb1 {[%clk 0:25:44]} 36. Nxf4
{[%clk 0:24:30]} Qc2 {[%clk 0:25:22]} 0-1

[Event "Danish Senior CHP for 50+ and 65+"]
[Site "Nyhavnsgade 14, 2. sal. 9000 Aalborg"]
[Date "2022.02.24"]
[Round "5.5"]
[White "Munksgaard, Bo"]
[Black "Harlung, David"]
[Result "1-0"]
[BlackElo "1253"]
[WhiteElo "1593"]
[LiveChessVersion "1.4.8"]

1. c4 {[%clk 1:30:55]} Nf6 {[%clk 1:30:04]} 2. g3 {[%clk 1:31:07]} e5
{[%clk 1:28:51]} 3. Bg2 {[%clk 1:26:12]} Bc5 {[%clk 1:22:14]} 4. e3
{[%clk 1:25:10]} O-O {[%clk 1:21:02]} 5. Nc3 {[%clk 1:24:39]} a5 {[%clk 1:20:18]}
6. Nge2 {[%clk 1:24:42]} d6 {[%clk 1:19:51]} 7. h3 {[%clk 1:22:59]} c6
{[%clk 1:18:19]} 8. d4 {[%clk 1:18:29]} exd4 {[%clk 1:18:29]} 9. exd4
{[%clk 1:18:42]} Ba7 {[%clk 1:18:25]} 10. O-O {[%clk 1:18:27]} d5
{[%clk 1:13:44]} 11. c5 {[%clk 1:14:22]} Re8 {[%clk 1:13:06]} 12. Be3
{[%clk 1:04:57]} h6 {[%clk 1:11:43]} 13. a3 {[%clk 1:02:45]} Bf5 {[%clk 1:05:46]}
14. b4 {[%clk 0:59:59]} Nbd7 {[%clk 1:04:32]} 15. Qb3 {[%clk 0:56:25]} b6
{[%clk 0:52:30]} 16. b5 {[%clk 0:49:19]} bxc5 {[%clk 0:50:28]} 17. bxc6
{[%clk 0:48:26]} Rb8 {[%clk 0:44:17]} 18. Qa2 {[%clk 0:45:43]} Nb6
{[%clk 0:39:43]} 19. Nb5 {[%clk 0:36:17]} Ra8 {[%clk 0:37:13]} 20. Bf4
{[%clk 0:33:57]} Nh5 {[%clk 0:28:15]} 21. Be3 {[%clk 0:25:32]} Nc4
{[%clk 0:25:51]} 22. g4 {[%clk 0:21:44]} Nxe3 {[%clk 0:25:37]} 23. fxe3
{[%clk 0:22:00]} Bd3 {[%clk 0:22:17]} 24. Nxa7 {[%clk 0:20:05]} Bc4
{[%clk 0:13:56]} 25. Qd2 {[%clk 0:18:44]} Qg5 {[%clk 0:10:26]} 26. Rf5
{[%clk 0:12:14]} Qxe3+ {[%clk 0:08:38]} 27. Qxe3 Rxe3 28. Rxh5 {[%clk 0:08:59]}
Rxe2 {[%clk 0:08:39]} 29. c7 {[%clk 0:08:58]} Ba6 {[%clk 0:05:45]} 30. Rxd5
{[%clk 0:07:59]} Rxg2+ {[%clk 0:05:21]} 31. Kxg2 {[%clk 0:08:07]} Bb7
{[%clk 0:05:41]} 32. c8=Q+ Bxc8 33. Rd8+ 1-0

[Event "Danish Senior CHP for 50+ and 65+"]
[Site "Nyhavnsgade 14, 2. sal. 9000 Aalborg"]
[Date "2022.02.24"]
[Round "5.6"]
[White "Davidsen, Niels Chr."]
[Black "Marshall, Michael O."]
[Result "0-1"]
[BlackElo "1746"]
[WhiteElo "1937"]
[LiveChessVersion "1.4.8"]

1. e4 {[%clk 1:30:55]} c5 {[%clk 1:29:27]} 2. a3 {[%clk 1:31:05]} Nc6
{[%clk 1:26:41]} 3. b4 {[%clk 1:31:00]} cxb4 {[%clk 1:22:42]} 4. axb4
{[%clk 1:31:15]} Nxb4 {[%clk 1:22:38]} 5. d4 {[%clk 1:31:14]} g6 {[%clk 1:18:30]}
6. c3 {[%clk 1:31:08]} Nc6 {[%clk 1:18:10]} 7. d5 {[%clk 1:28:54]} Nb8
{[%clk 1:15:39]} 8. Bf4 {[%clk 1:27:51]} Bg7 {[%clk 1:14:55]} 9. Nf3
{[%clk 1:28:13]} d6 {[%clk 1:14:06]} 10. Qb3 {[%clk 1:28:03]} Nf6
{[%clk 1:10:11]} 11. Bd3 {[%clk 1:28:08]} Nbd7 {[%clk 1:08:57]} 12. Be3
{[%clk 1:24:45]} O-O {[%clk 1:06:01]} 13. O-O {[%clk 1:24:36]} Qc7
{[%clk 1:01:41]} 14. Na3 {[%clk 1:20:40]} Nc5 {[%clk 1:00:45]} 15. Qc4
{[%clk 1:18:39]} Na6 {[%clk 0:55:13]} 16. Qb3 {[%clk 1:04:52]} Nc5
{[%clk 0:54:30]} 17. Qc2 {[%clk 1:04:20]} Nxd3 {[%clk 0:52:44]} 18. Qxd3
{[%clk 1:04:43]} Bd7 {[%clk 0:48:40]} 19. Nd4 {[%clk 1:02:56]} a6
{[%clk 0:44:54]} 20. c4 {[%clk 1:02:16]} Ng4 {[%clk 0:42:42]} 21. Bg5
{[%clk 0:52:34]} Ne5 {[%clk 0:38:57]} 22. Qd1 {[%clk 0:47:08]} Rae8
{[%clk 0:29:39]} 23. Be3 {[%clk 0:47:15]} Nxc4 {[%clk 0:23:19]} 24. Nxc4
{[%clk 0:47:12]} Qxc4 {[%clk 0:23:41]} 25. Rc1 {[%clk 0:46:58]} Qa4
{[%clk 0:21:33]} 26. Qd2 {[%clk 0:46:27]} Bb5 {[%clk 0:16:15]} 27. Nxb5
{[%clk 0:40:35]} Qxb5 {[%clk 0:15:47]} 28. Rb1 {[%clk 0:40:41]} Qd7
{[%clk 0:14:34]} 29. Rb6 {[%clk 0:40:57]} Rc8 {[%clk 0:12:54]} 30. Rfb1
{[%clk 0:40:51]} Rc7 {[%clk 0:08:55]} 31. Qb4 {[%clk 0:38:48]} Bc3
{[%clk 0:04:40]} 32. Qb3 {[%clk 0:38:51]} a5 {[%clk 0:04:27]} 33. Qd1
{[%clk 0:28:57]} Rfc8 {[%clk 0:04:40]} 34. h3 {[%clk 0:25:41]} a4
{[%clk 0:04:13]} 35. R6b5 {[%clk 0:24:14]} a3 {[%clk 0:03:03]} 36. Qb3
{[%clk 0:23:35]} Ra8 {[%clk 0:02:06]} 37. Qa2 {[%clk 0:23:14]} Qc8
{[%clk 0:01:56]} 38. R1b3 {[%clk 0:20:18]} Bb2 {[%clk 0:01:49]} 39. Kh2
{[%clk 0:20:29]} Rc2 {[%clk 0:01:23]} 0-1

[Event "Danish Senior CHP for 50+ and 65+"]
[Site "Nyhavnsgade 14, 2. sal. 9000 Aalborg"]
[Date "2022.02.24"]
[Round "5.7"]
[White "Kølbæk, Jens"]
[Black "Thuesen, Mogens Henrik"]
[Result "1/2-1/2"]
[BlackElo "2145"]
[WhiteElo "2163"]
[LiveChessVersion "1.4.8"]

1. Nf3 {[%clk 1:30:54]} d5 {[%clk 1:30:40]} 2. d4 {[%clk 1:31:10]} c6
{[%clk 1:30:58]} 3. g3 {[%clk 1:28:38]} Bg4 {[%clk 1:30:01]} 4. Bg2
{[%clk 1:26:00]} Nd7 {[%clk 1:30:12]} 5. Nbd2 {[%clk 1:25:44]} e6
{[%clk 1:27:56]} 6. e4 {[%clk 1:21:12]} dxe4 {[%clk 1:25:37]} 7. Nxe4
{[%clk 1:21:37]} Ngf6 {[%clk 1:25:45]} 8. h3 {[%clk 1:14:53]} Bf5
{[%clk 1:18:12]} 9. Nxf6+ {[%clk 1:12:38]} Nxf6 {[%clk 1:17:41]} 10. O-O
{[%clk 1:12:50]} Bd6 {[%clk 1:13:58]} 11. c4 {[%clk 1:11:29]} O-O
{[%clk 1:13:28]} 12. Be3 {[%clk 1:11:26]} Be4 {[%clk 1:02:58]} 13. Qd2
{[%clk 1:08:09]} a5 {[%clk 0:59:46]} 14. Rad1 {[%clk 1:07:36]} a4
{[%clk 0:55:27]} 15. Bf4 {[%clk 0:55:45]} Bxf4 {[%clk 0:52:38]} 16. Qxf4
{[%clk 0:56:08]} Qb6 {[%clk 0:52:45]} 17. Rd2 {[%clk 0:54:40]} Rfd8
{[%clk 0:51:32]} 18. Rfd1 {[%clk 0:54:24]} Qb4 {[%clk 0:39:50]} 19. Ne5
{[%clk 0:44:22]} Bxg2 {[%clk 0:39:52]} 20. Kxg2 {[%clk 0:44:47]} Qe7
{[%clk 0:35:53]} 21. Rd3 {[%clk 0:35:50]} Nd7 {[%clk 0:32:42]} 22. Ng4
{[%clk 0:32:21]} Nb6 {[%clk 0:27:10]} 23. Qc1 {[%clk 0:30:33]} Nd7
{[%clk 0:24:36]} 24. Qc3 {[%clk 0:26:25]} h5 {[%clk 0:23:37]} 25. Ne5
{[%clk 0:24:08]} Nxe5 {[%clk 0:20:36]} 26. dxe5 {[%clk 0:24:32]} Rxd3
{[%clk 0:21:01]} 27. Qxd3 {[%clk 0:23:25]} Qb4 {[%clk 0:16:11]} 28. Qe2
{[%clk 0:19:47]} b5 {[%clk 0:13:35]} 29. cxb5 {[%clk 0:17:06]} Qxb5
{[%clk 0:13:19]} 30. Rd2 {[%clk 0:16:02]} Rb8 {[%clk 0:08:26]} 31. Qxh5
{[%clk 0:14:44]} c5 {[%clk 0:07:07]} 32. Qf3 {[%clk 0:11:14]} c4 {[%clk 0:06:11]}
33. Qe4 {[%clk 0:11:24]} a3 {[%clk 0:05:48]} 34. bxa3 {[%clk 0:11:37]} c3
{[%clk 0:06:07]} 35. Rc2 {[%clk 0:11:36]} Qc5 {[%clk 0:05:44]} 36. Qf3
{[%clk 0:08:59]} Rc8 {[%clk 0:04:47]} 37. Qe3 {[%clk 0:04:40]} Qxa3
{[%clk 0:05:07]} 38. h4 {[%clk 0:03:35]} Rc5 {[%clk 0:03:21]} 39. Qd4
{[%clk 0:02:35]} Qa8+ {[%clk 0:02:59]} 40. Kh2 {[%clk 0:02:06]} Qc6
{[%clk 0:02:32]} 41. Qd8+ {[%clk 0:21:04]} Kh7 {[%clk 0:32:49]} 42. Qd3+
{[%clk 0:21:13]} 1/2-1/2

[Event "Danish Senior CHP for 50+ and 65+"]
[Site "Nyhavnsgade 14, 2. sal. 9000 Aalborg"]
[Date "2022.02.24"]
[Round "5.8"]
[White "Madsen, Svend Aage"]
[Black "Andreasen, Per Næsby"]
[Result "0-1"]
[BlackElo "2219"]
[WhiteElo "1961"]
[LiveChessVersion "1.4.8"]

1. e4 {[%clk 1:30:55]} g6 {[%clk 1:30:53]} 2. d4 {[%clk 1:31:17]} Bg7
{[%clk 1:31:21]} 3. Nc3 {[%clk 1:31:30]} c6 {[%clk 1:31:17]} 4. f4
{[%clk 1:31:09]} d5 {[%clk 1:31:41]} 5. e5 {[%clk 1:30:17]} h5 {[%clk 1:31:54]}
6. Nf3 {[%clk 1:27:30]} Nh6 {[%clk 1:32:17]} 7. Bd3 {[%clk 1:20:12]} Bg4
{[%clk 1:32:38]} 8. h3 {[%clk 1:19:19]} Bxf3 {[%clk 1:31:50]} 9. Qxf3
{[%clk 1:19:37]} e6 {[%clk 1:31:23]} 10. O-O {[%clk 1:11:18]} Nf5
{[%clk 1:28:13]} 11. Ne2 {[%clk 1:10:05]} h4 {[%clk 1:28:11]} 12. a4 Bf8
{[%clk 1:24:58]} 13. c3 {[%clk 0:55:31]} Nd7 {[%clk 1:22:32]} 14. b4
{[%clk 0:51:51]} Nb6 {[%clk 1:13:27]} 15. b5 {[%clk 0:47:10]} Qd7
{[%clk 1:12:48]} 16. Ba3 {[%clk 0:43:19]} Bxa3 {[%clk 0:57:32]} 17. Rxa3
{[%clk 0:43:40]} Nc4 {[%clk 0:56:41]} 18. Bxc4 {[%clk 0:42:15]} dxc4
{[%clk 0:57:09]} 19. bxc6 {[%clk 0:42:21]} bxc6 {[%clk 0:55:37]} 20. Rb1
{[%clk 0:40:30]} O-O {[%clk 0:48:54]} 21. Ra2 {[%clk 0:36:38]} Rab8
{[%clk 0:43:14]} 22. Qe4 {[%clk 0:32:27]} Rxb1+ {[%clk 0:37:38]} 23. Qxb1
{[%clk 0:32:52]} Qd5 {[%clk 0:37:21]} 24. Kh2 {[%clk 0:28:39]} Rd8
{[%clk 0:32:50]} 25. Qg1 {[%clk 0:18:28]} Rb8 {[%clk 0:31:43]} 26. Qe1
{[%clk 0:12:41]} Qe4 {[%clk 0:30:13]} 27. Qd2 {[%clk 0:10:43]} Ne3
{[%clk 0:29:55]} 0-1

[Event "Danish Senior CHP for 50+ and 65+"]
[Site "Nyhavnsgade 14, 2. sal. 9000 Aalborg"]
[Date "2022.02.24"]
[Round "5.9"]
[White "Skovgaard, Tom Nicolaj"]
[Black "Olesen, Poul Erik Nørgaard"]
[Result "1/2-1/2"]
[BlackElo "1963"]
[WhiteElo "1936"]
[LiveChessVersion "1.4.8"]

1. e4 {[%clk 1:30:57]} e5 {[%clk 1:30:24]} 2. Nf3 {[%clk 1:31:21]} d6
{[%clk 1:26:57]} 3. d4 {[%clk 1:31:22]} Nd7 {[%clk 1:26:14]} 4. Bc4
{[%clk 1:23:56]} c6 {[%clk 1:15:14]} 5. dxe5 {[%clk 1:10:34]} dxe5
{[%clk 1:15:02]} 6. O-O {[%clk 1:08:01]} Be7 {[%clk 1:07:52]} 7. a4
{[%clk 1:01:02]} Ngf6 {[%clk 1:07:14]} 8. Re1 {[%clk 0:58:17]} h6
{[%clk 1:04:04]} 9. c3 {[%clk 0:58:20]} Qc7 {[%clk 1:03:40]} 10. h3
{[%clk 0:57:57]} Nf8 {[%clk 1:03:20]} 11. Qc2 {[%clk 0:53:38]} g5
{[%clk 1:01:46]} 12. Nh2 {[%clk 0:47:51]} Ng6 {[%clk 0:58:01]} 13. Nd2
{[%clk 0:41:48]} Rg8 {[%clk 0:44:28]} 1/2-1/2

[Event "Danish Senior CHP for 50+ and 65+"]
[Site "Nyhavnsgade 14, 2. sal. 9000 Aalborg"]
[Date "2022.02.24"]
[Round "5.10"]
[White "Jørgensen, Jørgen"]
[Black "Moestrup, Jørn"]
[Result "1/2-1/2"]
[BlackElo "1948"]
[WhiteElo "2167"]
[LiveChessVersion "1.4.8"]

1. Nf3 {[%clk 1:30:54]} c5 {[%clk 1:30:57]} 2. c4 {[%clk 1:31:07]} Nf6
{[%clk 1:31:17]} 3. Nc3 {[%clk 1:31:14]} d5 {[%clk 1:31:41]} 4. cxd5
{[%clk 1:31:34]} Nxd5 {[%clk 1:32:08]} 5. g3 {[%clk 1:31:39]} Nc6
{[%clk 1:27:53]} 6. Bg2 {[%clk 1:31:46]} Nc7 {[%clk 1:28:18]} 7. O-O
{[%clk 1:31:32]} e5 {[%clk 1:28:28]} 8. d3 {[%clk 1:31:50]} Be7 {[%clk 1:28:19]}
9. Nd2 {[%clk 1:29:47]} O-O {[%clk 1:26:22]} 10. Nc4 {[%clk 1:28:32]} f6
{[%clk 1:25:12]} 11. Bd2 {[%clk 1:22:54]} Be6 {[%clk 1:18:39]} 12. Bxc6
{[%clk 1:15:16]} bxc6 {[%clk 1:19:05]} 13. Qa4 {[%clk 1:15:35]} Qd7
{[%clk 1:11:38]} 14. f3 {[%clk 1:07:03]} Nd5 {[%clk 1:00:12]} 15. Rac1
{[%clk 1:04:11]} Nb6 {[%clk 0:59:42]} 16. Qc2 {[%clk 1:02:24]} Nxc4
{[%clk 0:59:47]} 17. dxc4 {[%clk 1:02:44]} Qd4+ {[%clk 0:55:29]} 18. Kg2
{[%clk 1:02:52]} Qxc4 {[%clk 0:54:59]} 19. Be3 {[%clk 1:02:48]} f5
{[%clk 0:47:38]} 20. b3 {[%clk 0:47:05]} Qb4 {[%clk 0:47:55]} 21. Na4
{[%clk 0:47:26]} c4 {[%clk 0:48:11]} 22. Bd2 {[%clk 0:47:36]} Qa3
{[%clk 0:39:10]} 23. bxc4 {[%clk 0:47:27]} Bb4 {[%clk 0:35:04]} 24. Bxb4
{[%clk 0:41:48]} Qxb4 {[%clk 0:35:31]} 25. Nb2 {[%clk 0:42:06]} e4
{[%clk 0:34:38]} 26. fxe4 {[%clk 0:40:52]} fxe4 1/2-1/2